<?xml version="1.0" encoding="UTF-8"?>
<collection xmlns="http://www.loc.gov/MARC21/slim">
 <record>
  <leader>02935nam a2200229Ia 4500</leader>
  <controlfield tag="001">CTU_239269</controlfield>
  <controlfield tag="008">210402s9999    xx            000 0 und d</controlfield>
  <datafield tag="082" ind1=" " ind2=" ">
   <subfield code="a">005.74</subfield>
  </datafield>
  <datafield tag="082" ind1=" " ind2=" ">
   <subfield code="b">Ng527</subfield>
  </datafield>
  <datafield tag="088" ind1=" " ind2=" ">
   <subfield code="a">8480104</subfield>
  </datafield>
  <datafield tag="100" ind1=" " ind2=" ">
   <subfield code="a">Trần, Chí Nguyện</subfield>
  </datafield>
  <datafield tag="245" ind1=" " ind2="0">
   <subfield code="a">Giải pháp báo cáo thống kê dựa trên công nghệ Big Data cho hệ thống thông tin bệnh viện VNPT-HIS :</subfield>
  </datafield>
  <datafield tag="245" ind1=" " ind2="0">
   <subfield code="b">Luận văn Thạc sĩ Công nghệ thông tin. Chuyên ngành Hệ thống thông tin</subfield>
  </datafield>
  <datafield tag="245" ind1=" " ind2="0">
   <subfield code="c">Trần Chí Nguyện ; Ngô Bá Hùng (Cán bộ hướng dẫn)</subfield>
  </datafield>
  <datafield tag="260" ind1=" " ind2=" ">
   <subfield code="a">Cần Thơ</subfield>
  </datafield>
  <datafield tag="260" ind1=" " ind2=" ">
   <subfield code="b">Trường Đại học Cần Thơ</subfield>
  </datafield>
  <datafield tag="260" ind1=" " ind2=" ">
   <subfield code="c">2020</subfield>
  </datafield>
  <datafield tag="520" ind1=" " ind2=" ">
   <subfield code="a">Trong thời đại công nghệ thông tin quá trình số hóa đang diễn ra trong mọi lĩnh vực. Ngành y tế cũng không nằm ngoài xu hướng này, do đó Tập đoàn bưu chính viễn thông Việt Nam đã xây dựng Hệ thống thông tin bệnh viện (VNPT-HIS) nhằm cung cấp giải pháp chuyển đổi thông tin trong ngành y tế sang dữ liệu số và khai thác nó một cách hiệu quả. VNPT đã xây dựng hệ thống trên cơ sở dữ liệu quan hệ (Oracle 12c), ban đầu đáp ứng rất tốt nhu cầu lưu trữ và truy vấn trên nền tảng đó nhưng khi dữ liệu lớn dần lên hàng chục triệu dòng mỗi bảng thì nó không còn đáp ứng tốt những câu truy vấn dữ liệu lớn đòi hỏi đòi hỏi sự tính toán trên nhiều bảng với nhau. Các giải pháp đã áp dụng tối ưu index, nâng cấp hạ tầng phần cứng, tạo dữ liệu riêng cho các câu truy vấn, partition bảng dữ liệu nhưng không giải quyết được vấn đề trên. Đề tài này tập trung cải tiến thời gian truy xuất dữ liệu báo cáo bằng cách xây dựng hồ dữ liệu để lưu trữ dữ liệu từ HIS, sử dụng HiveSQL để tạo ra kho dữ liệu và Data mart. Hệ thống mới lưu dữ liệu trên hệ thống tập tin phân tán của Hadoop (HDFS). Dữ liệu trong Data mart phù hợp với từng loại báo cáo cụ thể. Vì vậy câu truy vấn đơn giản, dữ liệu nhỏ và không cần phải tính toán lại. Kết quả thực nghiệm truy xuất với báo cáo định kì là 2 giây và thời gian thực là 0,12 giây.</subfield>
  </datafield>
  <datafield tag="650" ind1=" " ind2=" ">
   <subfield code="a">Khai thác dữ liệu,Data mining</subfield>
  </datafield>
  <datafield tag="904" ind1=" " ind2=" ">
   <subfield code="i">Hải</subfield>
  </datafield>
  <datafield tag="910" ind1=" " ind2=" ">
   <subfield code="c">tvtrong</subfield>
  </datafield>
  <datafield tag="980" ind1=" " ind2=" ">
   <subfield code="a">Trung tâm Học liệu Trường Đại học Cần Thơ</subfield>
  </datafield>
 </record>
</collection>
